Provinces de Corée du sud sur une carte - Statistiques

Statistiques générales
  • Ce quiz a été pris 537 fois
  • Le résultat moyen est 6 sur 17
Réponses sur la Carte
Les réponses sont colorées sur une échelle allant du rouge au vert en fonction du pourcentage des utilisateurs qui les ont devinées à leur premier essai. Vous pouvez retrouver ces pourcentages ci-dessous.
 
Statistiques - réponses
Province % Correct
Séoul
92%
Busan
82%
Jeju-do
72%
Incheon
57%
Daegu
47%
Ulsan
38%
Gwangju
28%
Gangwon-do
27%
Gyeonggi-do
27%
Daejeon
25%
Sejong
25%
Jeollabuk-do
15%
Jeollanam-do
15%
Chungcheongbuk-do
11%
Chungcheongnam-do
11%
Gyeongsangbuk-do
10%
Gyeongsangnam-do
9%
Aucun quiz correspondant
Distribution des résultats
% des personnes avec chaque résultat
Percentile par nombre de réponses
Votre historique - résultats
Vous n’avez pas pris ce quiz